The Carbon Chain in Carbon Dioxide Industrial Utilization Technologies : A Case Study.

Bibliographic Details
Main Author: Wawrzyńczak, Dariusz.
Other Authors: Majchrzak-Kucęba, Izabela., Pevida, Covadonga., Bonura, Giuseppe., Nogueira, Rita., de Falco, Marcello.
Format: eBook
Language:English
Published: Milton : Taylor & Francis Group, 2023.
Edition:1st ed.
Subjects:
Online Access:Click to View
LEADER 01693nam a22004093i 4500
001 EBC7244780
003 MiAaPQ
005 20231204023228.0
006 m o d |
007 cr cnu||||||||
008 231204s2023 xx o ||||0 eng d
020 |a 9781000821734  |q (electronic bk.) 
020 |z 9781032373546 
035 |a (MiAaPQ)EBC7244780 
035 |a (Au-PeEL)EBL7244780 
035 |a (OCoLC)1378932631 
040 |a MiAaPQ  |b eng  |e rda  |e pn  |c MiAaPQ  |d MiAaPQ 
100 1 |a Wawrzyńczak, Dariusz. 
245 1 4 |a The Carbon Chain in Carbon Dioxide Industrial Utilization Technologies :  |b A Case Study. 
250 |a 1st ed. 
264 1 |a Milton :  |b Taylor & Francis Group,  |c 2023. 
264 4 |c {copy}2023. 
300 |a 1 online resource (173 pages) 
336 |a text  |b txt  |2 rdacontent 
337 |a computer  |b c  |2 rdamedia 
338 |a online resource  |b cr  |2 rdacarrier 
588 |a Description based on publisher supplied metadata and other sources. 
590 |a Electronic reproduction. Ann Arbor, Michigan : ProQuest Ebook Central, 2023. Available via World Wide Web. Access may be limited to ProQuest Ebook Central affiliated libraries.  
655 4 |a Electronic books. 
700 1 |a Majchrzak-Kucęba, Izabela. 
700 1 |a Pevida, Covadonga. 
700 1 |a Bonura, Giuseppe. 
700 1 |a Nogueira, Rita. 
700 1 |a de Falco, Marcello. 
776 0 8 |i Print version:  |a Wawrzyńczak, Dariusz  |t The Carbon Chain in Carbon Dioxide Industrial Utilization Technologies  |d Milton : Taylor & Francis Group,c2023  |z 9781032373546 
797 2 |a ProQuest (Firm) 
856 4 0 |u https://ebookcentral.proquest.com/lib/matrademy/detail.action?docID=7244780  |z Click to View